000 00397nam a22001697a 4500
005 20251023104911.0
008 251023b |||||||| |||| 00| 0 eng d
037 _cTB
040 _aAL
_cAL
041 _2ENG
_aENG
084 _bAL
245 _aGolden temple
300 _a50p.
365 _b95.00
_cINR
942 _2CC
_cTB
_n0
999 _c1464997
_d1464997